Top Ranked Museums of the World - Statistics

General Stats
  • This quiz has been taken 142 times
  • The average score is 6 of 25
Answer Stats
Ranking Location Museum % Correct
13 Paris Louvre Museum
91%
1 New York The Metropolitan Museum of Art
65%
5 St Petersburg State Hermitage Museum and Winter Palace
56%
17 Amsterdam Van Gogh Museum
46%
9 Madrid Prado National Museum
41%
3 Paris Musee D'Orsay
36%
11 London National Gallery
36%
15 Amsterdam Rijksmuseum
35%
16 Florence Uffizi Galleries
33%
10 London Victoria and Albert Museum
24%
8 Athens Acropolis
23%
4 Chicago Art Institute of Chicago
22%
24 Xian Museum of Qin Terracotta Warriors and Horses
15%
19 Wellington Te Papa Tongarewa
12%
12 Stockholm Vasa Museum
10%
14 Turin Egyptian Museum of Turin
8%
23 Bogota Gold Museum
4%
6 New York National 9/11 Memorial and Museum
3%
7 Mexico City National Museum of Anthropology
3%
21 Ho Chi Minh City War Remnants Museum
3%
2 New Orleans The National WW2 Museum
2%
22 Lima Museo Larco
1%
25 Phnom Penh Tuol Sleng Genocide Museum
1%
18 Recife Instituto Ricardo Brennand
0%
20 Sao Paolo Pinacoteca do Estado de Sao Paolo
0%
No matching quizzes found
Score Distribution
Percent of People with Each Score
Percentile by Number Answered
Your Score History
You have not taken this quiz